Normal view
MARC view
Entry Personal Name
001 - CONTROL NUMBER
- control field: 1189750
003 - CONTROL NUMBER IDENTIFIER
- control field: OSt
005 - DATE AND TIME OF LATEST TRANSACTION
- control field: 20260324132547.0
008 - FIXED-LENGTH DATA ELEMENTS
- fixed length control field: 260324|| aca||aabn | a|a d
040 ## - CATALOGING SOURCE
- Original cataloging agency: OSt
- Transcribing agency: OSt
100 ## - HEADING--PERSONAL NAME
- Personal name: Anna Metten; Teppo Kroger; Pirkko-Liisa Ranhalon; Anneli Pohjola
670 ## - SOURCE DATA FOUND
- Source citation: Work cat.: (OSt)1787966: Anna Metten; Teppo Kroger; Pirkko-Liisa Ranhalon; Anneli Pohjola, Social Work Visions from Around the Globe
